000 00681nam a2200241Ia 4500
005 20260430150712.0
008 008 250103s9999 xx 000 0 eng d
037 _aTheses
040 _aCRL
040 _beng
040 _ceng
041 _2eng
041 _aeng
084 _qCRL
100 _aDhiman Diksha Au.; Venkatesu P. Gu.
_91238251
245 0 _aConformational and Colloidal Stability of Therapeutic-Proteins in the Presence of Choline-Based Designer Solvents
260 _c2024
300 _a178p.
650 _aChemistry
700 _aUniversity of Delhi. Faculty of Science. Deptt. of Chemistry
_91236464
942 _cTH
999 _c1850422
_d1850422